000
00329nam a22001457a 4500
008
210311b ||||| |||| 00| 0 eng d
020
_a
0805371605
041
_a
eng
080
_2
5th
_a
573
082
_2
5th
_a
573
100
_a
11
101
_a
BIO
245
_a
Biology Concepts & Connections
_c
Campbell,A.N
942
_2
udc
_c
BK
999
_c
56364
_d
56364